Statistiques concernant Groupes Globaux sous agence de KPOP

Cliquez ici pour prendre le quiz!

Statistiques générales

  • Ce quiz a été pris 25 fois
  • Le résultat moyen est 7 sur 20

Statistiques - réponses

HintRéponse% Correct
Nom du groupeVcha
94%
Camila
61%
Camila
61%
KG
61%
Lexi
61%
Savanna
61%
Kendall
56%
Kaylee
50%
Nom du groupeBlackswan
39%
Fatou
28%
Sriya
28%
Gabi
22%
Nvee
22%
Nom du groupeKatseye
11%
Daniela
6%
Lara
6%
Manon
6%
Megan
6%
Sophia
6%
Yoonchae
6%

Distribution des résultats

Percentile par nombre de réponses

% des personnes avec chaque résultat

Votre développement - résultats

Vous n’avez pas pris ce quiz